Náročné, ale splniteľné

Bibliographic Details
Main Author: Pavle, Pavol (Author)
Format: Article
Language:Slovak
Subjects:

MARC

LEADER 00000nab a2200000 a 4500
001 vtls000109029
003 SK-MaSNL
005 20260304062348.0
008 250422c1982 xo 0 slo
015 |a SNBRB19rr/mm-uuuuu 
035 |a CL0119132 
035 |a urn:nbn:sk:snk-abejkh 
035 |a (urnnbn)urn:nbn:sk:snk:ar-0070g3 
035 |a (uuid)01657dc9-7e9c-4843-9c53-c35989014b4c 
040 |a SNKBUCL  |b slo  |c SNKBUCL  |e AACR2 
041 0 |a slo 
044 |a xo  |c SK 
080 |a 639.1  |2 1981 
100 1 |a Pavle, Pavol  |4 aut  |9 1347618 
245 1 0 |a Náročné, ale splniteľné  |c Pavol Pavle 
650 0 7 |a poľovníctvo  |2 snkbucl  |9 2774 
650 0 7 |a Slovenský poľovnícky zväz  |2 snkbucl  |9 899512 
655 7 |a články z novín a časopisov  |2 snkbucl  |9 267496 
773 0 |t Poľovníctvo a rybárstvo  |g Roč. 34, č. 3 (1982), s. 3 
850 |a Slovenská národná knižnica 
852 |a Slovenská národná knižnica 
954 |a odborná, vedecká literatúra pôvodná (slovenská)  |2 lita 
958 |a article27 
958 |a RK 
958 |a OND 
958 |a EUIPO 
992 |a RBX 
999 |c 2737721  |d 2739651